| 000 | 00731nam a2200205 i 4500 | ||
|---|---|---|---|
| 001 | 183046 | ||
| 003 | ES-MaACL | ||
| 005 | 20231030130123.0 | ||
| 008 | 140114s2012 sp a | |||||||| | spa d | ||
| 020 | _a978-84-92497-24-9 | ||
| 080 | _a821.134.2-14"19" | ||
| 100 | 1 |
_aCatunda, Márcio ( _d1957-) _9154150 |
|
| 245 | 1 | 0 |
_aLaudetur : _b63 poetas españoles del siglo XXI / _cMárcio Catunda. |
| 260 |
_aMadrid : _bManuscritos, _cD.L. 2012. |
||
| 300 |
_a96 p. : _bil. ; _c23 cm. |
||
| 852 |
_aES-MaACL _jA-13010 _9189979 _bR.149823 _cDEPO1 _dOlim: N-6010 _gDedicatoria autógrafa del autor _hDonación: Márcio Catunda |
||
| 903 |
_9154150 _aCatunda, Márcio ( _d1957-) _ednr |
||
| 942 |
_2udc _cMONOGRAFIA |
||
| 999 |
_c183046 _d183046 |
||